| 000 | 00384 a2200169 4500 | ||
|---|---|---|---|
| 001 | 188666 | ||
| 020 | _a978-85-249-1563-5 | ||
| 040 | _cMagnum | ||
| 100 | _aGarcez, Lucilia | ||
| 240 | 1 | 0 |
_aBrasília: do concreto ao sonho _lpor |
| 245 | 1 | 0 | _aBrasília: do concreto ao sonho |
| 300 | _a44 | ||
| 362 | 0 | _a2010 | |
| 440 | 1 | _aCortez | |
| 697 | _aHISTÓRIA DO BRASIL | ||
| 942 | _cBK | ||
| 999 |
_c188666 _d188666 |
||